书目信息 |
| 题名: |
达·芬奇的艺术实验室
|
|
| 作者: | 雷德特克 著 ;沈少雩 译 | |
| 分册: | ||
| 出版信息: | 上海 上海译文出版社 2020.01 |
|
| 页数: | 140页 | |
| 开本: | 22cm | |
| 丛书名: | ||
| 单 册: | ||
| 中图分类: | N33-49 | |
| 科图分类: | ||
| 主题词: | 科学实验--ke xue shi yan--青少年读物 | |
| 电子资源: | ||
| ISBN: | 978-7-5327-8179-9 | |
| 000 | 01252nam0 2200265 450 | |
| 001 | 0106081754 | |
| 005 | 20201106082043.0 | |
| 010 | @a978-7-5327-8179-9@dCNY68.00 | |
| 100 | @a20200905d2020 cemy0chiy50 ea | |
| 101 | 1 | @achi@ceng |
| 102 | @aCN@b310000 | |
| 105 | @aa z 000yy | |
| 106 | @ar | |
| 200 | 1 | @a达·芬奇的艺术实验室@Ada · fen qi de yi shu shi yan shi@f(美)艾米·雷德特克著@g沈少雩译 |
| 210 | @a上海@c上海译文出版社@d2020.01 | |
| 215 | @a140页@c彩图@d22cm | |
| 300 | @a创意“玩”课堂 | |
| 330 | @a在本书中,我们将根据达·芬奇记录的方法来探究艺术的方方面面,包括色彩、光与影、线条与图案、形式与结构、光学与特效,并通过对应的实现项目让孩子们在实践中走进艺术、了解科学。正如达·芬奇所言:“艺术和科学,一切皆有关联。”STEAM课程对于当代的孩子们、以及未来的创新者来说,都是至关重要的。孩子们通过有趣的动手实验、令人兴奋的创新项目,得以探索科学、艺术和自然之间的神秘联系,并通过实验综合学习科学、技术、工程,艺术和数学,在实践中轻松学习。 | |
| 510 | 1 | @aLeonardo's art workshop@zeng |
| 606 | 0 | @a科学实验@Ake xue shi yan@j青少年读物 |
| 690 | @aN33-49@v5 | |
| 701 | 0 | @a雷德特克@Alei de te ke@4著@c(美)@c(Leidtke, Amy) |
| 702 | 0 | @a沈少雩@Ashen shao yu@4译 |
| 801 | 0 | @aCN@bBJSZM@c20201106 |
| 905 | @b1191108-11@dN33-49@e138@f4 | |
| 达·芬奇的艺术实验室/(美)艾米·雷德特克著/沈少雩译.-上海:上海译文出版社,2020.01 |
| 140页:彩图;22cm |
| 创意“玩”课堂 |
| ISBN 978-7-5327-8179-9:CNY68.00 |
| 在本书中,我们将根据达·芬奇记录的方法来探究艺术的方方面面,包括色彩、光与影、线条与图案、形式与结构、光学与特效,并通过对应的实现项目让孩子们在实践中走进艺术、了解科学。正如达·芬奇所言:“艺术和科学,一切皆有关联。”STEAM课程对于当代的孩子们、以及未来的创新者来说,都是至关重要的。孩子们通过有趣的动手实验、令人兴奋的创新项目,得以探索科学、艺术和自然之间的神秘联系,并通过实验综合学习科学、技术、工程,艺术和数学,在实践中轻松学习。 |
| ● |
| 相关链接 |
|
|
|
|
正题名:达·芬奇的艺术实验室
索取号:N33-49/138
 
预约/预借
| 序号 | 登录号 | 条形码 | 馆藏地/架位号 | 状态 | 备注 |
| 1 | 1191108 | 211911083 | 第二样本阅览室/ [索取号:N33-49/138] | 在馆 | |
| 2 | 1191109 | 211911092 | 第三借阅区/ [索取号:N33-49/138] | 在馆 | |
| 3 | 1191110 | 211911109 | 第三借阅区/ [索取号:N33-49/138] | 在馆 | |
| 4 | 1191111 | 211911118 | 第三借阅区/ [索取号:N33-49/138] | 在馆 |